Score 0/25 Timer 04:00
4 Plays Today
% Correct
Tom Hanks
98.1%
Taylor Swift
95.2%
Tiger Woods
93.7%
Tina Fey
86.1%
Ted Danson
77.8%
Tony Danza
73.4%
Tim McGraw
71.7%
Tommy Lee Jones
70.6%
Tyra Banks
69%
Tori Spelling
61.1%
Tracy Morgan
60.5%
Tara Reid
58.3%
Teri Hatcher
50.3%
% Correct
Tobey Maguire
50%
Tyler Perry
49.8%
Troy Aikman
46.2%
Tracey Ullman
45.6%
Toni Collette
41.6%
Topher Grace
36%
Tammy Wynette
35.9%
Taraji P. Henson
30.9%
Travis Barker
30%
Taye Diggs
19.4%
Tracee Ellis Ross
18.4%
Tyson Beckford
14.1%
Remove Ads.
Support Sporcle.
Get the best of Sporcle when you Go Orange. This ad-free experience offers more features, more stats, and more fun while also helping to support Sporcle. Thank you for becoming a member.

You're not logged in!

Compare scores with friends on all Sporcle quizzes.
OR
Log In

Show Comments

Extras

Top Quizzes Today


Score Distribution

Your Account Isn't Verified!

In order to create a playlist on Sporcle, you need to verify the email address you used during registration. Go to your Sporcle Settings to finish the process.

Report this User

Report this user for behavior that violates our Community Guidelines.

Details: